Tratado moderno de Termodinámica / (Record no. 28440)

MARC details
000 -LEADER
campo de control de longitud fija 00683nam a2200205 i 4500
001 - NÚMERO DE CONTROL
campo de control 28440
003 - IDENTIFICADOR DE NÚMERO DE CONTROL
campo de control ES-MaACL
005 - FECHA Y HORA DE LA ÚLTIMA TRANSACCIÓN
campo de control 20230906153844.0
007 - CAMPO FIJO DE DESCRIPCIÓN FÍSICA--INFORMACIÓN GENERAL
campo de control de longitud fija t|
008 - DATOS DE LONGITUD FIJA--INFORMACIÓN GENERAL
campo de control de longitud fija 030117s1965 sp ||||1| spa d
100 1# - ENTRADA PRINCIPAL--NOMBRE DE PERSONA
Nombre de persona Baehr, Hans D.
9 (RLIN) 24577
245 10 - MENCIÓN DEL TÍTULO
Título Tratado moderno de Termodinámica /
Mención de responsabilidad, etc. Hans D. Baehr ; versión por Sebastián Guma Pecci ; bajo la supervisión de Ramón Simón Arias.
250 ## - MENCION DE EDICION
Mención de edición 1ª ed.
260 ## - PUBLICACIÓN, DISTRIBUCIÓN, ETC.
Lugar de publicación, distribución, etc. Barcelona, etc. :
Nombre del editor, distribuidor, etc. José Montesó,
Fecha de publicación, distribución, etc. 1965.
300 ## - DESCRIPCIÓN FÍSICA
Extensión 515 p. :
Otras características físicas il. ;
Dimensiones 22 cm.
650 #4 - PUNTO DE ACCESO ADICIONAL DE MATERIA--TÉRMINO DE MATERIA
Término de materia o nombre geográfico como elemento de entrada Termodinámica.
9 (RLIN) 17486
700 1# - ENTRADA AGREGADA--NOMBRE PERSONAL
Nombre de persona Guma Pecci, Sebastián.
9 (RLIN) 60945
700 1# - ENTRADA AGREGADA--NOMBRE PERSONAL
Nombre de persona Simón Arias, Ramón.
9 (RLIN) 106541
852 ## - LOCALIZACIÓN
Ubicación ES-MaACL
Número de control de estantería C-29864
Sublocalización o colección R.60140
Holdings
Estatus retirado Estado de pérdida Estado de daño No para préstamo Biblioteca de origen Biblioteca actual Ubicación en estantería Fecha de adquisición Fuente de adquisición Total de préstamos Signatura topográfica completa Código de barras Visto por última vez Precio de reemplazo Tipo de ítem Koha
        Biblioteca del Ateneo de Madrid Biblioteca del Ateneo de Madrid Depósito 2 17/01/2008     C-29864 1029360 23/02/2023 23/02/2023 Libro impreso